00523naa a2200205 a 450000100080000000500110000800800410001924500650006026000090012565300180013465300190015265300100017165300130018165300100019465300130020465300130021765300110023065300170024177300590025810803792011-09-14 2011 bl uuuu u00u1 u #d aCAPRINOS e ovinos nordestinos, carne ou leite.... ou ambos? c2011 aAnglo-Nubiano aCaprinocultura aCarne aCordeiro aLeite aMesti??o aNordeste aOvelha aOvinocultura tO Berro, Uberl??ndia, MGgn. 147, p. 16-22, ago. 2011.